Normal view
MARC view
- Ricketson, Kathreen
Entry Personal Name
001 - CONTROL NUMBER
- control field: 81925
003 - CONTROL NUMBER IDENTIFIER
- control field: NUST
005 - DATE AND TIME OF LATEST TRANSACTION
- control field: 20210830100251.0
008 - FIXED-LENGTH DATA ELEMENTS
- fixed length control field: 210830|| aca||aabn | a|a d
040 ## - CATALOGING SOURCE
- Original cataloging agency: NUST
- Transcribing agency: NUST
100 ## - HEADING--PERSONAL NAME
- Personal name: Ricketson, Kathreen
670 ## - SOURCE DATA FOUND
- Source citation: Work cat.: (NUST): Ricketson, Kathreen, Kids' Crafternoon Papercraft, 2011.
